[Event "Bhopal GM Open 2019"]
[Site "Bhopal"]
[Date "2019.12.22"]
[Round "2.11"]
[White "Lad Mandar Pradip"]
[Black "Khusenkhojaev, Muhammad"]
[Result "1/2-1/2"]
[WhiteElo "1740"]
[BlackElo "2427"]
[Annotator "TA"]
[PlyCount "96"]
[EventDate "2019.12.21"]
[EventType "swiss"]
[EventCountry "IND"]
[SourceTitle "playchess.com"]
[Source "ChessBase"]
[SourceQuality "1"]

{[%evp 10,96,12,0,17,-23,-15,-31,-27,-68,-64,-82,-27,-201,-204,-231,-229,-239,-228,-220,-219,-238,-234,-233,-233,-233,-230,-227,-228,-243,-222,-275,-273,-273,-272,-282,-269,-258,-220,-220,-197,-369,-133,-127,-129,-126,-48,-54,-58,-60,-51,-56,-56,-54,-54,-55,-27,-33,-20,-30,-35,-32,-22,-26,-32,-35,-22,-79,-68,-79,-53,-55,-28,-28,-8,-16,0,-8,0,-71,0,-28,0,-8,-8,-8,381,370,505]} 1. d4 Nf6 2. Nf3 b6 3. Bf4 Bb7 4. e3 g6 5. Nbd2 Bg7 6. Bd3 d6 {A47: 1 d4 Nf6 2 Nf3 b6: Torre, London and Colle Systems} (6... c5 7. c3 Nh5 8. Bg5 h6 9. Bh4 d6 10. O-O Nd7 11. Ne1 Bf6 12. Bxf6 Nhxf6 13. f4 e5 14. Nc4 Qb8 15. Nxd6+ Qxd6 16. dxe5 Qe7 17. exf6 Qxe3+ 18. Rf2 O-O-O 19. Nc2 Qe8 20. Qg4 Kb8 21. Qg3 {1-0 (21) Van den Doel,E (2598)-Palac,M (2541) Innsbruck 2018}) 7. e4 O-O 8. h3 c5 {Black is slightly better.} 9. c3 e5 10. Be3 $146 ({But not} 10. dxe5 $2 dxe5 11. Nxe5 Nh5 $19) ({Predecessor:} 10. Bh2 exd4 11. cxd4 Nxe4 12. Nxe4 Bxe4 13. Bxe4 Re8 14. Nd2 d5 15. dxc5 bxc5 16. O-O dxe4 17. Nxe4 Bd4 18. Nc3 Qd7 19. Qc2 Nc6 20. a3 a6 21. Rad1 Qd6 22. Rd2 Rac8 23. Re2 {½-½ (23) Berthou,C (1857)-Fournier,S (1942) Fouesnant 2008}) 10... d5 ({Black should try} 10... exd4 $17 11. cxd4 cxd4 12. Nxd4 Nbd7) 11. Bg5 $2 (11. dxe5 $11 Nxe4 12. O-O) 11... exd4 $19 12. O-O {[#]} dxc3 $1 ({Less strong is} 12... dxe4 {[#]} 13. Bxe4 $1 {[%mdl 512]} Nc6 14. cxd4 $17) 13. bxc3 {Black should prevent e5.} dxe4 14. Bxe4 Bxe4 15. Nxe4 {Strongly threatening Qxd8.} Qxd1 16. Nxf6+ Bxf6 17. Rfxd1 Bxc3 18. Rac1 Bg7 19. Rd6 Na6 20. a4 h6 21. Be3 Rfd8 22. Rcd1 Rxd6 23. Rxd6 Nc7 24. a5 Nb5 25. Rd7 $2 (25. Rc6) 25... Rc8 $2 (25... bxa5 $19 {has better winning chances.} 26. Rd2 a4) 26. Rb7 $17 Rc6 27. Nd2 Nc7 (27... Bd4 $17 {aiming for ...Bxe3.} 28. Nc4 Bxe3 29. fxe3 Kg7) 28. Rxa7 $15 {Threatens to win with axb6.} bxa5 29. Nc4 Nd5 30. Nxa5 Rc8 31. Nc4 Nxe3 32. fxe3 {[%mdl 4096] Endgame KRB-KRN} Re8 33. Kf2 Re4 34. Nd6 Re6 35. Nc4 h5 36. Ra8+ Bf8 37. Kf3 Kg7 38. Ke2 (38. g4 $11) 38... Be7 39. Ra7 Bh4 40. g4 hxg4 41. hxg4 Be7 42. Kf3 Kh6 43. Rd7 Kg5 44. Rd5+ (44. e4 $11) 44... Kh4 ({Better is} 44... Kf6 $17) 45. Ne5 c4 46. Kg2 g5 {Threatening ...f6.} 47. Nxc4 f6 $2 {[%mdl 8192]} (47... Kxg4 $11 {and Black is okay.} 48. Ne5+ Kh4) 48. Kf3 $18 {Rd1 would kill now.} Kh3 {[%mdl 32768] Accuracy: White = 44%, Black = 35%. . An unexpected result.} 1/2-1/2

[Event "Bhopal GM Open 2019"]
[Site "Bhopal"]
[Date "2019.12.22"]
[Round "2.12"]
[White "Abdisalimov, Abdimalik"]
[Black "Harshit Ranjan Sahu"]
[Result "1-0"]
[WhiteElo "2394"]
[BlackElo "1726"]
[Annotator "TA"]
[PlyCount "137"]
[EventDate "2019.12.21"]
[EventType "swiss"]
[EventCountry "IND"]
[SourceTitle "playchess.com"]
[Source "ChessBase"]
[SourceQuality "1"]

{[%evp 20,137,60,18,69,75,77,82,95,95,114,79,81,58,56,52,60,50,70,66,74,51,52,58,58,64,66,46,55,40,52,39,38,37,65,30,38,27,116,129,122,74,74,44,37,32,41,35,54,33,40,31,30,45,26,14,14,14,14,14,26,25,27,27,33,18,25,25,25,25,285,28,214,133,133,133,133,133,133,133,133,133,133,133,133,133,1112,1050,2158,907,1622,819,29952,29959,29947,9987,29966,29968,29971,29973,29975,29976,29976,29977,29976,29977,29981,29982,29982,29983,29983,29979,29982,29983,29983,29984,29984,29985,29985,29985]} 1. d4 Nf6 2. c4 c5 3. Nf3 g6 4. Nc3 cxd4 5. Nxd4 Bg7 6. e4 Nc6 7. Be3 O-O 8. Be2 d6 9. O-O Bd7 10. Nc2 Rc8 11. f3 b6 {B38: Sicilian: Maroczy Bind with 5...Bg7 and 7...0-0} ({Black should try} 11... Ne8 $11) (11... a6 12. Qd2 Ne5 13. Na3 Re8 14. Rab1 Qc7 15. Rfc1 Qa5 16. Rc2 {½-½ (16) Bacrot,E (2695)-Gharamian,T (2672) Belfort 2012}) 12. Rc1 Ne8 13. Qd2 Nc7 {White is better.} 14. b3 Re8 $146 ({Predecessor:} 14... Be6 15. Nd5 Bxd5 16. cxd5 Ne5 17. Nd4 a6 18. f4 Nd7 19. Nc6 {1-0 (30) Khamenya,V (1877)-Meijerink,I (1681) Willingen 2019}) 15. Nd5 e6 16. Bg5 f6 17. Nxc7 Qxc7 18. Bf4 e5 19. Be3 Be6 20. Rfd1 Rcd8 21. Na3 Bf8 22. Nb5 Qg7 23. Kh1 f5 24. g3 Qb7 25. Bf1 fxe4 26. fxe4 Nd4 27. Nxd4 exd4 28. Bxd4 Qxe4+ (28... Bf5 $11 {keeps the balance.}) 29. Bg2 $16 Qg4 30. Re1 {aiming for Re4.} Bf7 31. Bf6 Rxe1+ 32. Rxe1 Re8 33. Rxe8 Bxe8 34. Bc3 Bf7 35. Kg1 Qf5 36. Qd4 {[%csl Gc3][%cal Rd4h8]} Qc5 37. Kf1 {[%csl Gc3][%cal Rd4h8]} (37. Qxc5 {with more complications.} bxc5 38. Kf2 Be6 39. Bd2 Kf7 40. Be4) 37... Qxd4 38. Bxd4 $11 {[%mdl 4096] Endgame KBB-KBB} Bg7 39. Be3 Be5 40. Ke2 Be6 41. Bd5 Kf7 $1 42. Kf3 Kf6 43. Bxe6 Kxe6 {KB-KB} 44. Ke4 h5 $2 {[%mdl 8192] [#]} (44... Bc3 $11) 45. Bg5 $2 ({White must play} 45. Bd4 $1 $18) 45... a6 $2 (45... Bc3 $11 {and Black has nothing to worry.}) 46. a4 b5 47. cxb5 axb5 48. axb5 {Hoping for b6.} d5+ 49. Kd3 Kd7 50. b4 Kc8 51. Bd2 Bf6 52. Bc3 Be7 $2 {[%mdl 8192]} (52... Bd8 $16 53. Be5 Kd7) 53. Be5 $18 Bxb4 54. Kd4 Kb7 55. Kxd5 Kb6 56. Ke6 g5 57. Kf5 Bd2 58. Bf6 {White mates.} g4 59. Bg5 Be1 {[#]} 60. Be3+ $1 Kxb5 61. Kg5 h4 62. Kxh4 Kc6 63. Kxg4 Kd7 64. Kf5 Ke8 65. Kg6 Kf8 66. Bf4 Kg8 67. h4 Bc3 68. h5 Bb2 69. Bg5 {Accuracy: White = 65%, Black = 40%.} 1-0

[Event "Bhopal GM Open 2019"]
[Site "Bhopal"]
[Date "2019.12.22"]
[Round "2.13"]
[White "Shriya R Revankar"]
[Black "Eraschenkov, Denis"]
[Result "1-0"]
[WhiteElo "1736"]
[BlackElo "2386"]
[Annotator "TA"]
[PlyCount "69"]
[EventDate "2019.12.21"]
[EventType "swiss"]
[EventCountry "IND"]
[SourceTitle "playchess.com"]
[Source "ChessBase"]
[SourceQuality "1"]

{[%evp 13,69,25,52,40,45,46,66,42,61,61,64,39,67,61,74,55,56,58,64,32,34,37,34,39,47,39,45,39,29,-29,-29,-24,0,0,0,0,0,-37,-29,-92,-86,-93,-90,-102,-28,-12,-10,-12,587,580,573,561,979,974,5081,4910,6179,5883]} 1. e4 c5 2. Nf3 e6 3. d4 cxd4 4. Nxd4 a6 5. Bd3 Nf6 6. O-O Qc7 7. c4 Be7 8. Nc3 {B42: Sicilian: Kan Variation: 5 Bd3} O-O 9. Be3 Nc6 10. Rc1 {White is slightly better.} Nxd4 11. Bxd4 d6 $1 12. Qe2 (12. f4 Nd7 13. Rf3 {1-0 (58) Kotronias,V (2602)-Schmaltz,R (2530) Kallithea 2003}) 12... e5 13. Be3 Be6 14. h3 $146 ({Predecessor:} 14. f3 Rac8 15. b3 Qa5 16. Qb2 Rc7 17. Rf2 Nd7 18. Nd5 Bxd5 19. cxd5 Nc5 20. Bf1 {1-0 (20) Martinez Ival,C (2083)-Silva Mazorra,P (1983) Havana 2009}) 14... Nd7 15. Rfd1 Rfc8 16. Na4 Qd8 17. b3 Rc6 18. Nc3 Rac8 19. a4 Bg5 20. Bc2 Bxe3 21. fxe3 (21. Qxe3 $142 Nc5 22. Na2) 21... Qg5 22. Kh2 Nf6 23. Nd5 Bxd5 24. exd5 R6c7 25. Rf1 e4 26. Qf2 {[#]} (26. a5 $11) 26... b5 $1 $17 {[%mdl 512]} 27. axb5 axb5 28. cxb5 Qxd5 ({Weaker is} 28... Nxd5 29. Bxe4 $1 {[%mdl 512]} Qe5+ 30. g3 $16) ({Black should try} 28... Qe5+ $17 29. Kg1 h6) 29. b6 $11 Rc3 {...Qc6 is the strong threat.} 30. Qg3 $1 {Strongly threatening Rxf6.} Qe5 $2 {[%mdl 8192]} ({But not} 30... Rxc2 $6 31. Rxc2 Rxc2 32. Rxf6 $16) (30... Qe6 $11) 31. Qxe5 $18 {White is clearly winning.} dxe5 32. b7 {Threatens to win with Bxe4.} Rb8 {[#]} 33. Bxe4 $1 {[%mdl 576] Discovered Attack} Nxe4 34. Rxc3 {Intending Rc8+ and mate.} Nxc3 {[#]} 35. Ra1 $1 {Accuracy: White = 40%, Black = 49%.} 1-0

[Event "Bhopal GM Open 2019"]
[Site "Bhopal"]
[Date "2019.12.22"]
[Round "2.14"]
[White "Manik, Mikulas"]
[Black "Love Jindal"]
[Result "1-0"]
[WhiteElo "2379"]
[BlackElo "1714"]
[Annotator "TA"]
[PlyCount "51"]
[EventDate "2019.12.21"]
[EventType "swiss"]
[EventCountry "IND"]
[SourceTitle "playchess.com"]
[Source "ChessBase"]
[SourceQuality "1"]

{[%evp 13,51,18,48,39,45,47,58,50,48,50,50,56,58,56,86,75,104,103,127,91,162,156,192,186,283,281,272,270,397,381,261,118,116,111,112,112,114,114,633,624]} 1. e4 c5 2. Nf3 d6 3. d4 cxd4 4. Nxd4 Nf6 5. Nc3 a6 6. h3 e5 7. Nde2 Be6 8. g4 {B90: Sicilian Najdorf: Unusual White 6th moves, 6 Be3 Ng4 and 6 Be3 e5} d5 (8... h6 9. Bg2 Nbd7 10. a4 Rc8 11. O-O Be7 12. Ng3 g6 13. Nd5 Bxd5 14. exd5 h5 15. g5 Nh7 {½-½ (52) Popov,I (2592)-Bindrich,F (2606) St Petersburg 2018}) 9. exd5 Nxd5 10. Bg2 {[%cal Rc3d5] White is slightly better.} Nxc3 {[%csl Gc3][%cal Rd8d1]} 11. Qxd8+ ({But not} 11. Nxc3 Qxd1+ 12. Nxd1 Nc6 $15) 11... Kxd8 12. Nxc3 Nc6 13. Be3 Ke8 14. O-O-O Be7 15. Nd5 Bd8 $146 ({Predecessor:} 15... Bxd5 16. Bxd5 {1-0 (68) Hall,B (2044)-Polsky,R (1888) Los Angeles 2011}) 16. Rhe1 f6 {[#]} (16... g5 $16) 17. f4 $1 $18 Rf8 18. f5 Bf7 (18... Bd7 $142 19. Bc5 Rh8) 19. Nb6 Bxb6 20. Bxb6 g6 (20... a5 {was called for.} 21. Kb1 g6) 21. Rd6 gxf5 22. Rxc6 ({Don't do} 22. Bxc6+ $6 bxc6 23. Rxf6 Bg6 $16) (22. gxf5 $18 {and White stays clearly on top. And now Rxc6 would win.} Rc8 23. Rxf6) 22... bxc6 $16 23. Bxc6+ {[%mdl 64] [#] Double Attack} Ke7 24. Bc5+ {[%mdl 1024] White has strong compensation.} Ke6 25. Rd1 {[%csl Gd1][%cal Rc6d7]} Rfd8 $2 {[%mdl 8192]} (25... Rad8 $16 26. Bxf8 Rxf8) 26. Bxa8 {Accuracy: White = 69%, Black =  7%.} 1-0

[Event "Bhopal GM Open 2019"]
[Site "Bhopal"]
[Date "2019.12.22"]
[Round "2.15"]
[White "Ankur Mahesh Gokhale"]
[Black "Czebe, Attila"]
[Result "1/2-1/2"]
[WhiteElo "1731"]
[BlackElo "2374"]
[Annotator "TA"]
[PlyCount "145"]
[EventDate "2019.12.21"]
[EventType "swiss"]
[EventCountry "IND"]
[SourceTitle "playchess.com"]
[Source "ChessBase"]
[SourceQuality "1"]

{[%evp 11,145,2,10,-15,50,-22,-25,-25,-11,-44,-31,-39,-25,-18,-10,-10,-5,-6,0,0,0,-5,-2,-18,0,-22,-21,-77,-85,-81,-77,-143,-147,-124,-135,-135,-127,-149,-82,-103,-113,-114,-111,-120,-45,-73,-58,-102,-105,-91,-72,-72,-72,-72,-72,-72,-72,-80,-62,-62,-62,-102,-102,-102,-102,-102,-73,-94,-73,-94,-72,-102,-102,-102,-72,-73,0,-94,-94,-94,-94,-102,-94,-102,-102,-102,-102,-102,0,-102,0,-102,-72,-99,-64,-64,0,0,0,0,-8,-8,-8,-52,0,-8,0,-52,-8,-8,0,0,0,0,0,0,0,0,0,0,0,0,8,8,8,8,8,8,8,8,8,8,8,8,8,8]} 1. e4 c5 2. Nc3 a6 3. f4 b5 4. g3 Bb7 5. Bg2 e6 6. d3 d5 7. Nf3 {B23: Closed Sicilian: Lines without g3} (7. Qe2 Be7 8. Nf3 d4 9. Nd1 Nc6 10. O-O Nf6 11. Nf2 Qb6 12. a4 h6 13. h4 Qc7 14. Bh3 Nd7 15. axb5 axb5 16. Rxa8+ Bxa8 {0-1 (56) Sambuev,B (2524)-Kovalyov,A (2651) Edmonton 2018}) 7... b4 (7... d4 $11 8. Nb1 Be7) 8. Ne2 (8. exd5 $14 bxc3 9. dxe6 fxe6 10. bxc3) 8... dxe4 $11 9. Nd2 $1 {Black has an edge.} Nf6 10. Nxe4 (10. O-O {looks sharper.} Be7 11. dxe4 Qc7 12. c4 O-O 13. Qc2) 10... Nxe4 11. Bxe4 Bxe4 12. dxe4 Qxd1+ (12... Qc7 {is interesting.} 13. O-O Be7 14. Qd3 O-O 15. Qf3 Rd8) 13. Kxd1 Nd7 14. c4 a5 $146 ({Predecessor:} 14... O-O-O) 15. Be3 a4 16. Kc2 Be7 17. h3 O-O 18. g4 Ra7 19. Rac1 (19. Rae1 $11) 19... Nb6 $17 20. Kb1 Rd8 21. Rhd1 (21. Ng3 $142) 21... Rxd1 22. Rxd1 Nxc4 23. Bf2 Rc7 24. b3 Nb6 (24... Na3+ $142 25. Kb2 axb3 26. axb3 f6) 25. Nc1 axb3 26. axb3 Nd7 27. Nd3 c4 (27... Nf6 $17 28. Nxc5 h5) 28. bxc4 Rxc4 29. Nb2 Rc7 30. Rd4 Kf8 31. Nd3 Ke8 32. Be1 Nc5 33. Nxc5 Bxc5 {[%mdl 4096] Endgame KRB-KRB} 34. Rc4 Bd6 35. Rxc7 Bxc7 36. Bxb4 Bxf4 $15 {KB-KB} 37. Kc2 Kd7 38. Kd3 Be5 39. Kc4 Kc6 40. Be1 Bf4 41. Bf2 Kd6 42. Bd4 Be5 {[#] And now ...Bxd4 would win.} 43. Bc5+ Kd7 (43... Kc6 $17) 44. Bf2 (44. Bb4 $1 $11 {keeps the balance.}) 44... Ke7 45. Bh4+ f6 46. Kd3 Kd6 47. Kc4 Bh2 48. Kd4 Bg1+ 49. Kd3 Bh2 50. Kd4 $1 Bg1+ 51. Kd3 Kc5 52. Bg3 Kb4 53. e5 fxe5 (53... Kb5 $15) 54. Bxe5 g6 55. Ke4 Kc5 56. Bf4 Bd4 57. Bb8 {[#] Black must now prevent Ba7+.} Kc4 ({Better is} 57... Bf6 $15) 58. Bc7 Bf6 59. Bg3 (59. Be5 $11 Be7 60. Bc7) 59... Bc3 60. Bd6 {The position is equal.} Kb3 61. Be5 {Strongly threatening Bxc3.} Bb4 62. Bf4 Ba5 63. Bd6 Bc3 64. Be5 {Threatens to win with Bxc3.} Bb4 65. Bc7 Be1 66. Bf4 Kc2 67. Ke5 Kd3 68. Bg5 Ke2 69. Kxe6 Kf3 70. Kf7 Kg3 71. Kg7 Kxh3 72. Kxh7 Kxg4 73. Kxg6 {Accuracy: White = 53%, Black = 44%.} 1/2-1/2

[Event "Bhopal GM Open 2019"]
[Site "Bhopal"]
[Date "2019.12.22"]
[Round "2.16"]
[White "Bharat Kumar Reddy Poluri"]
[Black "Gourav Nigam"]
[Result "1-0"]
[WhiteElo "2337"]
[BlackElo "1710"]
[Annotator "TA"]
[PlyCount "50"]
[EventDate "2019.12.21"]
[EventType "swiss"]
[EventCountry "IND"]
[SourceTitle "playchess.com"]
[Source "ChessBase"]
[SourceQuality "1"]

{[%evp 13,50,14,22,21,24,0,0,0,0,-4,-12,-75,-63,-75,-50,-60,-17,-35,0,0,18,8,16,24,95,93,93,100,95,108,376,8,389,389,400,397,853,840,29994]} 1. e4 c5 2. Nf3 d6 3. d4 cxd4 4. Nxd4 Nf6 5. Nc3 a6 6. Be2 e5 7. Nb3 Be7 8. Qd3 {B92: Sicilian Najdorf: 6 Be2} (8. O-O O-O 9. Bf3 Be6 10. a4 Nbd7 11. Be3 Nb6 12. Nd2 Rc8 13. a5 Nc4 14. Nxc4 Rxc4 15. Qd2 Qc7 16. h3 Rc8 17. Rfd1 h6 18. Qe1 Qc6 19. Nd5 Bxd5 20. exd5 {1-0 (48) Caruana,F (2819)-Vachier Lagrave,M (2775) Paris 2019}) 8... Nbd7 9. O-O b5 10. a3 {The position is equal.} O-O 11. Qg3 Kh8 12. f4 $146 (12. Rd1 $1 $11) ({Predecessor:} 12. Rd1 Bb7 13. f3 Qb6+ 14. Kh1 Bc6 15. Qe1 a5 16. Rd3 b4 17. Nd1 bxa3 18. bxa3 {0-1 (29) Tkac,L (2140)-Vigneron,M (2333) ICCF email 1998}) 12... Bb7 $17 13. fxe5 Nxe5 14. Bd3 Rc8 15. Be3 Nc4 16. Bxc4 Rxc4 17. Bd4 Nh5 18. Qf3 Bf6 (18... Nf6 $11) 19. Qxh5 $16 Bxd4+ 20. Nxd4 Rxd4 21. Rxf7 Bxe4 $2 {[%mdl 8192] [#]} (21... Rxf7 $16 {was necessary.} 22. Qxf7 Bxe4) 22. Rxf8+ $1 $40 {[%mdl 128] White has some attack.} Qxf8 {[#]} 23. Rf1 $1 {[%cal Rf1f8]} Qg8 24. Qh4 g5 $2 {[#]} (24... Bxg2 25. Qxd4 Bxf1 26. Kxf1 Qf7+ 27. Ke1 Qg6) 25. Qh6 $1 {[%mdl 512] White wants to mate with Qf6+.} Ra4 {Accuracy: White = 72%, Black = 21%.} 1-0

[Event "Bhopal GM Open 2019"]
[Site "Bhopal"]
[Date "2019.12.22"]
[Round "2.17"]
[White "Vedant Bhardwaj"]
[Black "Sahoo, Utkal Ranjan"]
[Result "0-1"]
[WhiteElo "1715"]
[BlackElo "2329"]
[Annotator "TA"]
[PlyCount "50"]
[EventDate "2019.12.21"]
[EventType "swiss"]
[EventCountry "IND"]
[SourceTitle "playchess.com"]
[Source "ChessBase"]
[SourceQuality "1"]

{[%evp 11,64,4,14,15,32,45,47,-5,19,0,0,-16,0,-29,-21,-29,-10,-43,-45,-50,-14,-56,-8,-30,-13,-113,-120,-262,-251,-345,-360,-367,-343,-319,-356,-449,-455,-448,-435,-442,-441,-535,-533,-675,-676,-596,-529,-606,-686,-29984,-29985,-29985,-29986,-29986,-29987]} 1. Nf3 d5 2. d4 Nf6 3. g3 e6 4. Bg2 b5 5. O-O Bb7 6. c3 c5 7. a4 {[%cal Ba2a4,Ba4a5][%mdl 32] A46: 1 d4 Nf6 2 Nf3 e6: Torre, London and Colle Systems} b4 8. a5 bxc3 $146 (8... Na6 9. Bg5 Be7 10. Ne5 O-O 11. dxc5 Bxc5 12. Nd3 bxc3 13. Nxc3 Be7 14. Qa4 Qb8 {1-0 (60) Banusz,T (2614)-Neiksans,A (2559) Karlsruhe 2019}) 9. bxc3 (9. Nxc3 $14 Nbd7 10. Bf4) 9... Nbd7 10. Bf4 Be7 11. Ne5 Rc8 12. Nd2 O-O 13. Nxd7 Qxd7 14. Nf3 (14. a6 $5 {[%cal Ra6b7]} Bc6 15. Nb3 $15) 14... Ba6 15. Ne5 Qb5 16. Re1 cxd4 17. cxd4 Ne4 18. Bxe4 (18. Rb1 $11 Nc3 19. Rxb5 Nxd1 20. Rb3) 18... dxe4 $17 19. Qb1 (19. Rb1 $17 {was necessary.} Qd5 20. Qb3) 19... f6 $19 20. Ng4 Qxb1 21. Raxb1 h5 22. Ne3 g5 23. Bxg5 fxg5 24. d5 exd5 25. Nxd5 Bd8 {Played: Be7-c5} 0-1

[Event "Bhopal GM Open 2019"]
[Site "Bhopal"]
[Date "2019.12.22"]
[Round "2.18"]
[White "Pranav Vijay"]
[Black "Painter Shakeel"]
[Result "1-0"]
[WhiteElo "2265"]
[BlackElo "1705"]
[Annotator "TA"]
[PlyCount "83"]
[EventDate "2019.12.21"]
[EventType "swiss"]
[EventCountry "IND"]
[SourceTitle "playchess.com"]
[Source "ChessBase"]
[SourceQuality "1"]

{[%evp 11,95,31,37,36,54,53,69,80,93,87,88,102,107,57,78,33,33,31,20,35,49,43,49,50,68,71,84,62,70,64,70,40,44,29,164,171,179,-108,84,-47,-41,-41,-56,-200,-199,-188,-130,-156,-117,-137,-126,-140,-100,-153,-112,-101,-110,-100,-101,-82,-91,-82,-81,-115,0,-12,35,51,100,122,176,171,225,187,531,260,29993,29994,29994,29995,29995,29996,29996,29997,29997,-1129]} 1. e4 e5 2. Nf3 d6 3. d4 exd4 4. Nxd4 Nf6 5. Nc3 Be7 6. g3 O-O 7. Bg2 {C41: Philidor Defence} c6 (7... Re8 8. O-O Bf8 9. h3 Nc6 10. Re1 Bd7 11. Be3 Ne5 12. b3 h6 13. Qd2 c6 14. a4 Qc7 {0-1 (66) Amin,B (2710)-Kazhgaleyev,M (2587) St Petersburg 2018}) 8. O-O Nbd7 9. Nf5 {White is slightly better.} Ne5 10. Nxe7+ Qxe7 11. b3 $146 ({Predecessor:} 11. h3 h6 12. b3 b6 13. Bb2 Ba6 14. Re1 Rad8 {½-½ (41) Bucevac,L (2080)-Johnen,F (1693) Sarajevo 2016}) 11... Rd8 12. Ba3 Qc7 13. Qd4 Bh3 14. f4 Bxg2 15. Kxg2 Ng6 16. Rad1 {[%cal Ra3d6]} c5 17. Qd3 $36 {[%mdl 2048] White is more active.} a6 18. Bb2 b5 19. Qf3 Re8 20. Rfe1 Rad8 21. a4 b4 22. Nb1 Qe7 (22... c4 $11 {and Black stays safe.}) 23. Nd2 $18 h6 24. Re3 $2 {[#]} ({White should try} 24. Bxf6 $18 Qxf6 25. Nc4) 24... d5 $2 (24... Nd5 $1 $17 {[%mdl 512] keeps the pressure on.} 25. Ree1 (25. exd5 Qxe3) 25... Ndxf4+ 26. Kg1 Nh3+ 27. Kf1 Ng5) 25. e5 (25. Rde1 $16) 25... d4 $1 $15 {[%cal Rd4e3]} 26. Ree1 Nd5 27. Nc4 {[#]} (27. Kg1 $15) 27... Ndxf4+ $1 $19 {[%mdl 512]} 28. Kh1 (28. gxf4 Nh4+) 28... Ne6 (28... Nd5 $19 29. a5 Qc7) 29. Bc1 Rf8 30. Qg4 Qb7+ 31. Kg1 Qd5 32. Rd3 (32. h4 $142) 32... Kh7 33. Rf3 Nc7 34. h4 Qe6 35. Qe4 {aiming for h5.} Kg8 36. h5 Ne7 37. g4 Qd5 (37... Ncd5 $17 {Threatening ...Nc3.} 38. g5 hxg5 39. Bxg5 Rd7) 38. g5 $11 Qxe4 39. Rxe4 hxg5 40. Bxg5 Ncd5 (40... Rde8 $16) 41. h6 $18 {Threatens to win with hxg7.} g6 (41... f5 $142 42. Rh4 g6) 42. h7+ {Played: Nc4-b6} 1-0